<?xml version="1.0" encoding="UTF-8"?>
<record
    xmlns:xsi="http://www.w3.org/2001/XMLSchema-instance"
    xsi:schemaLocation="http://www.loc.gov/MARC21/slim http://www.loc.gov/standards/marcxml/schema/MARC21slim.xsd"
    xmlns="http://www.loc.gov/MARC21/slim">

  <leader>00951nam a22002537a 4500</leader>
  <controlfield tag="001">BRCA_9346</controlfield>
  <controlfield tag="003">FranzMayer</controlfield>
  <controlfield tag="005">20230918121356.0</controlfield>
  <controlfield tag="008">230825b        |||||||| |||| 00| 0 eng d</controlfield>
  <datafield tag="020" ind1=" " ind2=" ">
    <subfield code="a">8481812951</subfield>
  </datafield>
  <datafield tag="040" ind1=" " ind2=" ">
    <subfield code="a">MFM</subfield>
    <subfield code="b">espa&#xF1;ol</subfield>
    <subfield code="c">MFM</subfield>
  </datafield>
  <datafield tag="050" ind1=" " ind2="0">
    <subfield code="a">AM121</subfield>
    <subfield code="b">M56 2006</subfield>
  </datafield>
  <datafield tag="110" ind1="1" ind2=" ">
    <subfield code="4">Responsable</subfield>
    <subfield code="a">Ministerio de cultura de Espa&#xF1;a</subfield>
    <subfield code="b">Museos estatales </subfield>
    <subfield code="9">29246</subfield>
  </datafield>
  <datafield tag="240" ind1=" " ind2=" ">
    <subfield code="a">Criterios para la elaboraci&#xF3;n del plan museol&#xF3;gico</subfield>
    <subfield code="l">espa&#xF1;ol</subfield>
  </datafield>
  <datafield tag="245" ind1="0" ind2=" ">
    <subfield code="a">Criterios para la elaboraci&#xF3;n del plan museol&#xF3;gico</subfield>
  </datafield>
  <datafield tag="260" ind1=" " ind2=" ">
    <subfield code="a">Espa&#xF1;a</subfield>
    <subfield code="b">Julio Soto Impresor</subfield>
    <subfield code="c">2006</subfield>
  </datafield>
  <datafield tag="300" ind1=" " ind2=" ">
    <subfield code="a">189 p</subfield>
    <subfield code="b">Ilustraciones a color</subfield>
    <subfield code="c">21 cm</subfield>
  </datafield>
  <datafield tag="500" ind1=" " ind2=" ">
    <subfield code="a">Anexo 1</subfield>
  </datafield>
  <datafield tag="505" ind1=" " ind2=" ">
    <subfield code="a">Texto en: espa&#xF1;olIncluye &#xED;ndice tem&#xE1;ticoIncluye listado de obrasDirigido a: muse&#xF3;grafos</subfield>
  </datafield>
  <datafield tag="650" ind1="1" ind2=" ">
    <subfield code="2">Museos</subfield>
    <subfield code="a">Colecciones y exposiciones</subfield>
    <subfield code="9">29247</subfield>
  </datafield>
  <datafield tag="651" ind1="2" ind2=" ">
    <subfield code="2">Museolog&#xED;a</subfield>
    <subfield code="a">M&#xE9;todos y t&#xE9;cnicas</subfield>
    <subfield code="v">Planes museol&#xF3;gicos</subfield>
    <subfield code="9">29248</subfield>
  </datafield>
  <datafield tag="856" ind1=" " ind2=" ">
    <subfield code="3">https:www.mcu.es </subfield>
  </datafield>
  <datafield tag="942" ind1=" " ind2=" ">
    <subfield code="2">lcc</subfield>
    <subfield code="c">B</subfield>
  </datafield>
  <datafield tag="999" ind1=" " ind2=" ">
    <subfield code="c">10968</subfield>
    <subfield code="d">10968</subfield>
  </datafield>
  <datafield tag="952" ind1=" " ind2=" ">
    <subfield code="0">0</subfield>
    <subfield code="1">0</subfield>
    <subfield code="2">lcc</subfield>
    <subfield code="4">0</subfield>
    <subfield code="7">0</subfield>
    <subfield code="8">FCON</subfield>
    <subfield code="a">BRCA</subfield>
    <subfield code="b">BRCA</subfield>
    <subfield code="d">2023-08-25</subfield>
    <subfield code="l">0</subfield>
    <subfield code="o">AM121 M56 2006</subfield>
    <subfield code="p">CONT10102</subfield>
    <subfield code="r">2023-08-25 00:00:00</subfield>
    <subfield code="w">2023-08-25</subfield>
    <subfield code="y">B</subfield>
  </datafield>
</record>
